Quick Pick: 'D' Athletes Quiz Stats

Quiz Updated Feb 22, 2017

Challenge
Share
Tweet
Embed
Score 0/10 Timer 01:00
1 Play Today
% Correct
Joe DiMaggio
91.1%
Kevin Durant
85.2%
Tim Duncan
84.5%
Clyde Drexler
75.7%
Don Drysdale
68.2%
Andre Dawson
64.8%
Len Dawson
64.5%
Adrian Dantley
58.9%
Marcel Dionne
57.1%
Ken Dryden
45.4%

Today's Daily Dose

Missing Word
1998 A-Z Movies

Word Ladder
5 Vowel Sounds

Quick Pick
Legal Terms

On This Day
June 25th II

You're not logged in!

Compare scores with friends on all Sporcle quizzes.
Join for Free
OR
Log In

You Might Also Like...

Show Comments

Extras

Top Quizzes Today


Score Distribution

Your Account Isn't Verified!

In order to create a playlist on Sporcle, you need to verify the email address you used during registration. Go to your Sporcle Settings to finish the process.

Report this User

Report this user for behavior that violates our Community Guidelines.

Details: